[Event "3MCR_4D_1L_3S"]
[Site "?"]
[Date "1999.??.??"]
[Round "3"]
[White "Hladecek, Miloslav"]
[Black "Priesol, Daniel"]
[Result "0-1"]
[WhiteElo "2135"]
[BlackElo "2230"]
[PlyCount "110"]
[EventDate "1999.??.??"]
[EventType "corr"]

1. d4 Nf6 2. c4 g6 3. Nc3 d5 4. cxd5 Nxd5 5. e4 Nxc3 6. bxc3 Bg7 7. Bc4 c5 8.
Ne2 Nc6 9. Be3 O-O 10. O-O Qc7 11. Rc1 Rd8 12. Bf4 Qd7 13. d5 Ne5 14. Bxe5 Bxe5
15. Rb1 Qc7 16. f4 Bg7 17. Qc2 Rb8 18. Rb2 a6 19. a4 Bg4 20. h3 Bxe2 21. Bxe2
Qa5 22. Rc1 b5 23. axb5 axb5 24. g3 b4 25. Ra2 Qb6 26. Ra6 Qc7 27. cxb4 Bd4+
28. Kh2 Rxb4 29. Rb1 Rxb1 30. Qxb1 Rb8 31. Qd3 Rb2 32. Ra8+ Kg7 33. Ra4 Qb8 34.
Kg2 g5 35. Rxd4 cxd4 36. Qxd4+ Kg8 37. Qe3 gxf4 38. gxf4 Qb4 39. Kf1 Rb3 40.
Bd3 Qc3 41. Ke2 Qb2+ 42. Qd2 Qg7 43. f5 Qg3 44. f6 exf6 45. h4 Ra3 46. d6 Qxd6
47. Qd1 Qh2+ 48. Ke3 Qg3+ 49. Kd4 Qe5+ 50. Ke3 Qc5+ 51. Kf4 Qf2+ 52. Kg4 Qd4
53. Kh5 Ra5+ 54. Kg4 h5+ 55. Kf3 Rf5+ 0-1

[Event "3MCR_4D_1L_3S"]
[Site "?"]
[Date "1999.??.??"]
[Round "3"]
[White "Symersky, Petr"]
[Black "Novak, Jindrich"]
[Result "1/2-1/2"]
[WhiteElo "2200"]
[BlackElo "2160"]
[PlyCount "64"]
[EventDate "1999.??.??"]
[EventType "corr"]

1. d4 Nf6 2. c4 g6 3. Nf3 Bg7 4. g3 c5 5. Bg2 O-O 6. O-O cxd4 7. Nxd4 Nc6 8.
Nc2 b6 9. Nc3 Bb7 10. b3 d6 11. Bb2 Qd7 12. e4 Rfc8 13. f4 Rab8 14. Qe2 e5 15.
Rad1 Ne8 16. f5 f6 17. h4 Ne7 18. fxg6 Nxg6 19. Kh2 Rd8 20. Bh3 Qf7 21. Ne3 Bc8
22. Bg4 Bxg4 23. Qxg4 Ne7 24. h5 Kh8 25. Qh4 Ng8 26. Ng4 Bf8 27. Nd5 Be7 28.
Nge3 Rd7 29. g4 Qe6 30. Nf5 Bd8 31. a4 Rbb7 32. h6 Rf7 1/2-1/2

[Event "3MCR_4D_1L_3S"]
[Site "?"]
[Date "1999.??.??"]
[Round "3"]
[White "Novak, Jindrich"]
[Black "Vicenec, Roman"]
[Result "1/2-1/2"]
[WhiteElo "2160"]
[BlackElo "2000"]
[PlyCount "85"]
[EventDate "1999.??.??"]
[EventType "corr"]

1. d4 Nf6 2. c4 g6 3. g3 Bg7 4. Bg2 O-O 5. Nc3 d6 6. Nf3 Nc6 7. O-O a6 8. d5
Na5 9. Nd2 c5 10. Qc2 Rb8 11. b3 b5 12. Bb2 Bh6 13. Ncb1 bxc4 14. bxc4 e6 15.
Bc3 Nb7 16. Na3 Re8 17. e4 Bg7 18. Rab1 Qc7 19. Qb2 Qe7 20. e5 Nd7 21. exd6
Nxd6 22. Qa1 Rxb1 23. Rxb1 Bxc3 24. Qxc3 exd5 25. cxd5 Qe2 26. Bf3 Qe5 27. Qb3
Qf5 28. Ndc4 Ne5 29. Nxe5 Rxe5 30. Kg2 Ne4 31. Nc4 Rxd5 32. Qc2 Rd4 33. Bxe4
Rxe4 34. Nd6 Qh3+ 35. Kg1 Re5 36. Qc3 Rh5 37. Rb8 Qxh2+ 38. Kf1 Qh3+ 39. Ke1
Qe6+ 40. Kf1 Rh1+ 41. Kg2 Qh3+ 42. Kf3 Qh5+ 43. Kg2 1/2-1/2

[Event "3MCR_4D_1L_3S"]
[Site "?"]
[Date "1999.??.??"]
[Round "3"]
[White "Pletanek, Jan"]
[Black "Novak, Jindrich"]
[Result "1-0"]
[WhiteElo "2445"]
[BlackElo "2160"]
[PlyCount "93"]
[EventDate "1999.??.??"]
[EventType "corr"]

1. e4 e5 2. Nf3 Nc6 3. Bb5 a6 4. Ba4 Nf6 5. O-O Be7 6. Re1 b5 7. Bb3 O-O 8. c3
d6 9. h3 Na5 10. Bc2 c5 11. d4 Qc7 12. Nbd2 Nc6 13. d5 Nd8 14. a4 Rb8 15. axb5
axb5 16. b4 c4 17. Nf1 Ne8 18. N3h2 f5 19. exf5 Bxf5 20. Bxf5 Rxf5 21. Be3 Rf8
22. Qd2 Nf7 23. Ra7 Qd8 24. Rea1 Nc7 25. Ng3 Re8 26. R1a5 Qc8 27. Nf3 Bf8 28.
Ne4 Re7 29. Ra1 Qf5 30. Nfg5 h6 31. Ng3 Qg6 32. N5e4 Nd8 33. Nxd6 Rd7 34. Ndf5
Rxd5 35. Qc2 Qf7 36. Qe4 Nde6 37. Qg4 Kh7 38. Ne4 Qg6 39. Qf3 Kh8 40. Nh4 Qe8
41. Qf5 Be7 42. Ng6+ Kg8 43. Bxh6 Bd8 44. R1a6 Qf7 45. Qg4 Kh7 46. Rxe6 gxh6
47. Rxc7 1-0

[Event "3MCR_4D_1L_3S"]
[Site "?"]
[Date "1999.??.??"]
[Round "3"]
[White "Hladecek, Miloslav"]
[Black "Pletanek, Jan"]
[Result "0-1"]
[WhiteElo "2135"]
[BlackElo "2445"]
[PlyCount "104"]
[EventDate "1999.??.??"]
[EventType "corr"]

1. d4 Nf6 2. c4 c6 3. Nc3 d5 4. Nf3 dxc4 5. a4 Bf5 6. Ne5 e6 7. f3 Bb4 8. e4
Bxe4 9. fxe4 Nxe4 10. Bd2 Qxd4 11. Nxe4 Qxe4+ 12. Qe2 Bxd2+ 13. Kxd2 Qd5+ 14.
Kc2 Na6 15. Nxc4 b5 16. axb5 Nb4+ 17. Kb1 Qf5+ 18. Kc1 O-O 19. bxc6 Rfd8 20.
Ra5 e5 21. Ne3 Qg6 22. Qg4 Qxc6+ 23. Kb1 Rd4 24. Qf5 g6 25. Qf3 e4 26. Qf2 Qb6
27. Rb5 Qe6 28. Ra5 Rad8 29. Qe1 Qb3 30. Bc4 Rd1+ 31. Qxd1 Rxd1+ 32. Rxd1 Qxe3
33. Rb5 Nd3 34. Bxd3 exd3 35. Rd5 Qe4 36. R1xd3 Qxg2 37. h3 Kg7 38. Ka2 Qe4 39.
R5d4 Qe6+ 40. Kb1 h5 41. Ra3 g5 42. Ka1 g4 43. hxg4 hxg4 44. Rda4 a6 45. Ra5
Qe1+ 46. Ka2 Kg6 47. Rxa6+ Kg5 48. Rd3 f5 49. Rd8 f4 50. Rg8+ Kh4 51. Rag6 Qa5+
52. Kb3 Qf5 0-1

[Event "3MCR_4D_1L_3S"]
[Site "?"]
[Date "1999.??.??"]
[Round "3"]
[White "Hladecek, Miloslav"]
[Black "Riha, Jan"]
[Result "1-0"]
[WhiteElo "2135"]
[BlackElo "2305"]
[PlyCount "91"]
[EventDate "1999.??.??"]
[EventType "corr"]

1. d4 Nf6 2. c4 c5 3. d5 e6 4. Nc3 exd5 5. cxd5 d6 6. e4 g6 7. f4 Bg7 8. Bb5+
Nfd7 9. a4 O-O 10. Nf3 Na6 11. O-O Nb4 12. Re1 a6 13. Bf1 Re8 14. h3 b6 15. Be3
Bb7 16. Bf2 Rc8 17. Rc1 Nf6 18. Bh4 Qd7 19. Nd2 Nh5 20. Nc4 Bd4+ 21. Kh1 Qc7
22. Qd2 Ng7 23. Be2 Rf8 24. Bg4 Rce8 25. e5 h5 26. exd6 Rxe1+ 27. Rxe1 Qb8 28.
Bf3 Nf5 29. Be7 Re8 30. g4 hxg4 31. hxg4 Nxe7 32. Rxe7 Kg7 33. Nxb6 Rh8+ 34.
Kg2 Rh7 35. Ne2 Bf6 36. Rc7 Qh8 37. Kf1 Rh3 38. Ng1 Rg3 39. Rxc5 a5 40. g5 Ba6+
41. Nc4 Bd8 42. Qd4+ Kh7 43. Qxh8+ Kxh8 44. d7 Kg7 45. d6 f6 46. Rc8 1-0

[Event "3MCR_4D_1L_3S"]
[Site "?"]
[Date "1999.??.??"]
[Round "3"]
[White "Hladecek, Miloslav"]
[Black "Fiala, Jaroslav"]
[Result "0-1"]
[WhiteElo "2135"]
[BlackElo "2445"]
[PlyCount "79"]
[EventDate "1999.??.??"]
[EventType "corr"]

1. d4 Nf6 2. c4 g6 3. Nf3 Bg7 4. Nc3 d6 5. e4 O-O 6. Be2 e5 7. O-O Nc6 8. d5
Ne7 9. Ne1 Nd7 10. Be3 f5 11. f3 Rf7 12. exf5 Nxf5 13. Bf2 Nf6 14. Nd3 Bh6 15.
Re1 Qf8 16. Bf1 Bg5 17. Ne4 Nxe4 18. Rxe4 Nd4 19. Re1 Bf5 20. Bxd4 exd4 21. Nf2
Be3 22. Bd3 Bd7 23. b4 Qh6 24. Re2 Re8 25. Kh1 Re5 26. Ng4 Bxg4 27. fxg4 Qh4
28. h3 Qg3 29. Qe1 Bf2 30. Qd1 Re3 31. Rxe3 Bxe3 32. Qe1 Rf2 33. Bf1 Kf8 34. g5
Bf4 35. Kg1 d3 36. Rb1 Be3 37. Kh1 d2 38. Qd1 Rf5 39. Be2 Bf4 40. Qg1 0-1

[Event "3MCR_4D_1L_3S"]
[Site "?"]
[Date "1999.??.??"]
[Round "3"]
[White "Hala, Martin"]
[Black "Hladecek, Miloslav"]
[Result "1-0"]
[WhiteElo "2435"]
[BlackElo "2135"]
[PlyCount "81"]
[EventDate "1999.??.??"]
[EventType "corr"]

1. e4 e5 2. Nf3 Nc6 3. Bb5 a6 4. Ba4 Nf6 5. O-O Be7 6. Re1 b5 7. Bb3 O-O 8. c3
d6 9. h3 Bb7 10. d4 Re8 11. Nbd2 Bf8 12. a4 h6 13. Bc2 exd4 14. cxd4 Nb4 15.
Bb1 g6 16. Ra3 Bg7 17. e5 dxe5 18. dxe5 Nfd5 19. Ne4 bxa4 20. Bd2 Rb8 21. Qc1
Nc6 22. Bxh6 Nxe5 23. Bxg7 Nxf3+ 24. Rxf3 Kxg7 25. Rd1 Qh4 26. Rxd5 Bxd5 27.
Qc3+ Kf8 28. Qc5+ Qe7 29. Qxd5 Rbd8 30. Qc6 Rd1+ 31. Kh2 Rxb1 32. Qxg6 Qe6 33.
Qh7 Re1 34. Ng5 Qe5+ 35. g3 Ke7 36. Rf5 Qd6 37. Qxf7+ Kd8 38. Rd5 R8e2 39.
Rxd6+ cxd6 40. Kg2 Re7 41. Qc4 1-0

[Event "3MCR_4D_1L_3S"]
[Site "?"]
[Date "1999.??.??"]
[Round "3"]
[White "Soucha, Stepan"]
[Black "Priesol, Daniel"]
[Result "1-0"]
[WhiteElo "2265"]
[BlackElo "2230"]
[PlyCount "73"]
[EventDate "1999.??.??"]
[EventType "corr"]

1. d4 Nf6 2. c4 e6 3. Nf3 d5 4. Nc3 c6 5. e3 Nbd7 6. Bd3 dxc4 7. Bxc4 b5 8. Bd3
a6 9. e4 c5 10. d5 Qc7 11. O-O Bb7 12. dxe6 fxe6 13. Bc2 c4 14. Nd4 Nc5 15. Be3
e5 16. Nf3 Be7 17. Ng5 Qc6 18. Nd5 Nxd5 19. exd5 Qxd5 20. Qh5+ Kf8 21. f3 Nd3
22. Rad1 Rc8 23. Bxd3 Bxg5 24. Qxg5 cxd3 25. Qf5+ Qf7 26. Qxe5 Re8 27. Qc5+ Qe7
28. Rxd3 Bc8 29. Qb6 Kg8 30. Rc1 h6 31. Rc7 Qe6 32. Qa7 Rh7 33. Bd2 Qg6 34. Re3
Rf8 35. Kh1 Bf5 36. Bc3 Kh8 37. Qc5 1-0

[Event "3MCR_4D_1L_3S"]
[Site "?"]
[Date "1999.??.??"]
[Round "3"]
[White "Symersky, Petr"]
[Black "Fiala, Jaroslav"]
[Result "1/2-1/2"]
[WhiteElo "2200"]
[BlackElo "2445"]
[PlyCount "74"]
[EventDate "1999.??.??"]
[EventType "corr"]

1. d4 Nf6 2. Nf3 e6 3. c4 c5 4. d5 d6 5. Nc3 exd5 6. cxd5 g6 7. g3 Bg7 8. Bg2
O-O 9. O-O Re8 10. Bf4 Na6 11. Nb5 Bf8 12. Nd2 Nh5 13. Be3 Bd7 14. Nc3 b5 15.
a4 bxa4 16. Nxa4 Nb4 17. Nc3 Qc8 18. Nc4 Bh3 19. f3 Bxg2 20. Kxg2 f5 21. Qd2
Nf6 22. Bg5 Nd7 23. h4 Nb6 24. b3 Bg7 25. e4 Nxc4 26. bxc4 a5 27. Rae1 Qd7 28.
exf5 Bxc3 29. Qxc3 Qxf5 30. Rxe8+ Rxe8 31. Re1 Qd7 32. h5 Rxe1 33. Qxe1 a4 34.
hxg6 hxg6 35. Bd2 a3 36. Bxb4 cxb4 37. Qxb4 Qa7 1/2-1/2

[Event "3MCR_4D_1L_3S"]
[Site "?"]
[Date "1999.??.??"]
[Round "3"]
[White "Kropik, Jan"]
[Black "Sedlacek, Tomas"]
[Result "1/2-1/2"]
[WhiteElo "2010"]
[BlackElo "2190"]
[PlyCount "87"]
[EventDate "1999.??.??"]
[EventType "corr"]

1. e4 e6 2. d4 d5 3. Bd3 Nf6 4. exd5 exd5 5. Nf3 Be7 6. O-O Bg4 7. Bf4 O-O 8.
Nbd2 Nbd7 9. c3 Re8 10. Qc2 Nf8 11. Ne5 Bd6 12. Bg3 Be6 13. Rae1 Nh5 14. Bf5
Nxg3 15. fxg3 f6 16. Ng4 Bxf5 17. Qxf5 c6 18. Nb3 Qd7 19. Ne3 Re6 20. Re2 Rae8
21. Rfe1 g6 22. Qf3 f5 23. Nc1 R6e7 24. g4 f4 25. Nc2 Ne6 26. Qf1 Ng5 27. Rxe7
Rxe7 28. Rxe7 Qxe7 29. Qe2 Ne4 30. Nd3 a5 31. Nce1 a4 32. a3 Qd7 33. Nf2 Ng5
34. h4 Qe6 35. Qxe6+ Nxe6 36. Nf3 h6 37. Nd3 g5 38. hxg5 hxg5 39. Kf2 Kg7 40.
Nde5 c5 41. Nd7 cxd4 42. cxd4 Bc7 43. Ke2 Kf7 44. Kd3 1/2-1/2

[Event "3MCR_4D_1L_3S"]
[Site "?"]
[Date "1999.??.??"]
[Round "3"]
[White "Fiala, Jaroslav"]
[Black "Novak, Jindrich"]
[Result "1-0"]
[WhiteElo "2445"]
[BlackElo "2160"]
[PlyCount "87"]
[EventDate "1999.??.??"]
[EventType "corr"]

1. d4 Nf6 2. c4 g6 3. Nc3 Bg7 4. e4 d6 5. Be2 O-O 6. Nf3 Nbd7 7. e5 Ne8 8. Bf4
c6 9. exd6 Nxd6 10. O-O Nf6 11. Be5 Nfe4 12. Bxg7 Nxc3 13. bxc3 Kxg7 14. c5 Ne4
15. Qc2 Nf6 16. Ne5 Qc7 17. Rfe1 Be6 18. Bf3 Bd5 19. Qe2 b5 20. a4 a6 21. g4 e6
22. g5 Ng8 23. Bxd5 exd5 24. Qg4 h5 25. Qf4 Qb7 26. Nd3 Rac8 27. axb5 axb5 28.
Qd6 Qc7 29. Ra6 Rfd8 30. Qe5+ Qxe5 31. Nxe5 Re8 32. Kf1 Re6 33. Ra7 Re7 34.
Rea1 Rcc7 35. Ra8 Re6 36. R1a6 Ne7 37. Rd8 f6 38. Rd6 fxe5 39. Rxe6 exd4 40.
cxd4 Kf7 41. Rf6+ Kg7 42. Ke2 Nf5 43. Kd3 Ne7 44. Ke3 1-0

[Event "3MCR_4D_1L_3S"]
[Site "?"]
[Date "1999.??.??"]
[Round "3"]
[White "Sedlacek, Tomas"]
[Black "Riha, Jan"]
[Result "0-1"]
[WhiteElo "2190"]
[BlackElo "2305"]
[PlyCount "83"]
[EventDate "1999.??.??"]
[EventType "corr"]

1. d4 Nf6 2. Nf3 e6 3. Bf4 b6 4. e3 Bb7 5. Nbd2 Be7 6. Bd3 Nh5 7. Bg3 d6 8. c3
Nd7 9. Qe2 a6 10. e4 g6 11. O-O-O c5 12. Kb1 b5 13. e5 d5 14. dxc5 Nxc5 15. Bc2
Qb6 16. Nb3 b4 17. cxb4 Nxb3 18. Bxb3 Bxb4 19. Ba4+ Bc6 20. Bxc6+ Qxc6 21. Rc1
Qb7 22. Qc2 O-O 23. Qc6 Rfb8 24. Qxb7 Rxb7 25. Rc2 a5 26. Bh4 h6 27. Rhc1 g5
28. g4 Nf4 29. Bg3 Nd3 30. Rd1 Nc5 31. Nd4 a4 32. f3 Nd7 33. Rdc1 Bf8 34. Rc3
Bg7 35. Re1 Nb6 36. Re2 Nc4 37. f4 Rb4 38. Nc6 Rb6 39. Nd4 gxf4 40. Bxf4 f6 41.
exf6 Bxf6 42. Rd3 0-1

[Event "3MCR_4D_1L_3S"]
[Site "?"]
[Date "1999.??.??"]
[Round "3"]
[White "Vicenec, Roman"]
[Black "Hladecek, Miloslav"]
[Result "1/2-1/2"]
[WhiteElo "2000"]
[BlackElo "2135"]
[PlyCount "71"]
[EventDate "1999.??.??"]
[EventType "corr"]

1. e4 e5 2. Nf3 Nc6 3. Bb5 a6 4. Ba4 Nf6 5. O-O Be7 6. Re1 b5 7. Bb3 O-O 8. c3
d6 9. h3 Bb7 10. d4 Re8 11. Nbd2 Bf8 12. d5 Ne7 13. Nf1 Ng6 14. Ng3 h6 15. Be3
c6 16. dxc6 Bxc6 17. Qc2 Qc7 18. Rad1 Qb7 19. Bc1 d5 20. exd5 Nxd5 21. Qf5 Re6
22. h4 Rd8 23. h5 Nge7 24. Qd3 Qc7 25. c4 bxc4 26. Qxc4 Qb8 27. Bd2 Nf6 28. Bc3
Rxd1 29. Bxd1 Bd5 30. Qh4 Nc6 31. a3 Bc5 32. b4 Bb6 33. Nf5 Qc7 34. Bb2 Kh8 35.
Nh2 Nd4 36. Ne3 1/2-1/2

[Event "3MCR_4D_1L_3S"]
[Site "?"]
[Date "1999.??.??"]
[Round "3"]
[White "Svihel, Karel"]
[Black "Hybl, Vladislav"]
[Result "1-0"]
[WhiteElo "2300"]
[BlackElo "2200"]
[PlyCount "91"]
[EventDate "1999.??.??"]
[EventType "corr"]

1. e4 e6 2. d4 d5 3. Nc3 Nf6 4. Bg5 dxe4 5. Nxe4 Be7 6. Bxf6 Bxf6 7. Nf3 O-O 8.
Qd2 Nd7 9. O-O-O b6 10. Bc4 Bb7 11. d5 b5 12. Bb3 Nb6 13. Nxf6+ Qxf6 14. dxe6
fxe6 15. Rhe1 Nc4 16. Bxc4 bxc4 17. Ne5 Rad8 18. Ng4 Qe7 19. Qe3 Rxd1+ 20. Rxd1
Bxg2 21. Rd4 Bf3 22. Rxc4 Qd6 23. Rd4 Qa6 24. b3 Bxg4 25. Rxg4 c5 26. Qxc5 Qf1+
27. Kb2 Qxf2 28. Qe5 Qf6 29. Qxf6 Rxf6 30. Rg2 Kf7 31. c4 h6 32. c5 g5 33. b4
e5 34. b5 Rf4 35. Kc3 Ke6 36. Rd2 Rf3+ 37. Kb4 Rf4+ 38. Ka5 e4 39. b6 axb6+ 40.
cxb6 e3 41. Re2 Kd7 42. Rxe3 Kc8 43. Re8+ Kb7 44. Re7+ Kb8 45. Rh7 Rf2 46. a4
1-0

[Event "3MCR_4D_1L_3S"]
[Site "?"]
[Date "1999.??.??"]
[Round "3"]
[White "Hala, Martin"]
[Black "Fiala, Jaroslav"]
[Result "0-1"]
[WhiteElo "2435"]
[BlackElo "2445"]
[PlyCount "68"]
[EventDate "1999.??.??"]
[EventType "corr"]

1. e4 c5 2. c3 e6 3. d4 d5 4. e5 Nc6 5. Nf3 Qb6 6. a3 c4 7. Nbd2 Na5 8. Be2 Bd7
9. O-O Ne7 10. Rb1 Qc7 11. Qc2 Nc8 12. b4 cxb3 13. Nxb3 Ba4 14. Nfd2 a6 15. Qb2
Nxb3 16. Nxb3 Na7 17. Be3 Bb5 18. Bxb5+ Nxb5 19. Nc5 Bxc5 20. dxc5 Qa5 21. c6
bxc6 22. c4 dxc4 23. Bc5 Rd8 24. a4 Qxa4 25. Qc1 Rd5 26. Bd6 f6 27. Ra1 Qb3 28.
Rxa6 Rg8 29. Rb6 Qd3 30. Rxc6 c3 31. Re1 Kd7 32. Qa1 fxe5 33. Rb6 Rxd6 34. Rb7+
Nc7 0-1

[Event "3MCR_4D_1L_3S"]
[Site "?"]
[Date "1999.??.??"]
[Round "3"]
[White "Hladecek, Miloslav"]
[Black "Symersky, Petr"]
[Result "0-1"]
[WhiteElo "2135"]
[BlackElo "2200"]
[PlyCount "86"]
[EventDate "1999.??.??"]
[EventType "corr"]

1. d4 Nf6 2. c4 e6 3. Nc3 d5 4. cxd5 exd5 5. Bg5 c6 6. e3 Be7 7. Qc2 O-O 8. Bd3
Nbd7 9. Nge2 Re8 10. O-O Nf8 11. f3 Ng6 12. e4 dxe4 13. fxe4 Ng4 14. Bxe7 Qxe7
15. Rf3 Be6 16. h3 Nf6 17. Rf2 Rad8 18. Raf1 b6 19. a3 Kh8 20. b4 c5 21. e5 Nd5
22. Nxd5 Bxd5 23. Bxg6 hxg6 24. Nf4 cxd4 25. Nxd5 Rxd5 26. Rxf7 Qg5 27. Rxa7
Rdxe5 28. Qc7 R5e7 29. Qxb6 Qe3+ 30. Kh2 Qe5+ 31. Kh1 Qe2 32. Rg1 Rxa7 33. Qxa7
d3 34. Qd4 d2 35. Kh2 Rc8 36. Qh4+ Kg8 37. Qg5 Qe1 38. Qd5+ Kh7 39. Qd4 Rc1 40.
Rf1 d1=Q 41. Qxd1 Qxd1 42. Rxd1 Rxd1 43. b5 Ra1 0-1

[Event "3MCR_4D_1L_3S"]
[Site "?"]
[Date "1999.??.??"]
[Round "3"]
[White "Vicenec, Roman"]
[Black "Kropik, Jan"]
[Result "1/2-1/2"]
[WhiteElo "2000"]
[BlackElo "2010"]
[PlyCount "99"]
[EventDate "1999.??.??"]
[EventType "corr"]

1. e4 c5 2. Nf3 d6 3. d4 cxd4 4. Nxd4 Nf6 5. Nc3 a6 6. Bg5 e6 7. f4 Be7 8. Qf3
Qc7 9. O-O-O Nbd7 10. g4 b5 11. Bxf6 Nxf6 12. g5 Nd7 13. f5 Bxg5+ 14. Kb1 Ne5
15. Qh5 Qe7 16. Nxe6 Bxe6 17. fxe6 g6 18. exf7+ Kxf7 19. Qe2 Kg7 20. Nd5 Qd8
21. Bh3 Ra7 22. Rhf1 Rf8 23. Be6 Nc4 24. Rxf8 Qxf8 25. Qe1 Qe8 26. Qc3+ Ne5 27.
Bh3 Kh6 28. Nc7 Qf7 29. Ne6 Qf3 30. Qxf3 Nxf3 31. Rxd6 Nd2+ 32. Ka1 Nxe4 33.
Rd4 Nf2 34. Nxg5 Kxg5 35. Bd7 h5 36. h4+ Kf6 37. a4 g5 38. Be8 Ke5 39. Rd2 Ne4
40. Re2 Kf4 41. hxg5 Ng3 42. Rg2 h4 43. g6 Rg7 44. axb5 axb5 45. b4 Ne4 46. Rh2
Kg3 47. Re2 Nd6 48. Bc6 h3 49. Rd2 Nc4 50. Rd3+ 1/2-1/2

[Event "3MCR_4D_1L_3S"]
[Site "?"]
[Date "1999.??.??"]
[Round "3"]
[White "Riha, Jan"]
[Black "Pletanek, Jan"]
[Result "1/2-1/2"]
[WhiteElo "2305"]
[BlackElo "2445"]
[PlyCount "102"]
[EventDate "1999.??.??"]
[EventType "corr"]

1. e4 c5 2. Nf3 d6 3. d4 cxd4 4. Nxd4 Nf6 5. Nc3 a6 6. Be2 e6 7. O-O Be7 8. a4
Nc6 9. Be3 O-O 10. f4 Qc7 11. Kh1 Re8 12. Bf3 Rb8 13. g4 Nd7 14. g5 Nxd4 15.
Qxd4 b6 16. Bg2 Bb7 17. f5 Ne5 18. Rad1 Bc6 19. f6 Bf8 20. fxg7 Bxg7 21. Qxd6
Qxd6 22. Rxd6 Nc4 23. Rxc6 Nxe3 24. Rf3 Nxc2 25. Rc7 Rf8 26. Bf1 Be5 27. Rd7
Rbd8 28. Rfd3 Nd4 29. Rxd8 Rxd8 30. Ne2 a5 31. Kg2 Nc6 32. Rxd8+ Nxd8 33. Nc3
Nb7 34. Bd3 Nc5 35. Bc2 f6 36. gxf6 Kf7 37. Nd1 Bd4 38. Kf3 Kxf6 39. b3 Kg5 40.
Kg3 Be5+ 41. Kf3 Bxh2 42. Nb2 h5 43. Nd3 Nd7 44. b4 axb4 45. Nxb4 Ne5+ 46. Kg2
Bf4 47. Nd3 Nc6 48. Ne1 Bd6 49. Bb3 e5 50. Nd3 Nd4 51. Bd1 Ne6 1/2-1/2

[Event "3MCR_4D_1L_3S"]
[Site "?"]
[Date "1999.??.??"]
[Round "3"]
[White "Priesol, Daniel"]
[Black "Sedlacek, Tomas"]
[Result "1/2-1/2"]
[WhiteElo "2230"]
[BlackElo "2190"]
[PlyCount "94"]
[EventDate "1999.??.??"]
[EventType "corr"]

1. e4 e6 2. d4 d5 3. Nc3 Nf6 4. Bg5 Bb4 5. e5 h6 6. Be3 Ne4 7. Qg4 g6 8. a3
Bxc3+ 9. bxc3 Nxc3 10. Bd3 Nc6 11. Nf3 Qe7 12. h4 Na4 13. h5 g5 14. Nh2 f5 15.
exf6 Qxf6 16. f4 gxf4 17. Bg6+ Ke7 18. Qxf4 Qxf4 19. Bxf4 e5 20. dxe5 Be6 21.
Bg3 Nb6 22. O-O Nc4 23. Bh4+ Kd7 24. Bf6 Rhg8 25. Rfe1 Raf8 26. Bh7 Rg3 27. Nf3
Bg4 28. Kh2 Rxg2+ 29. Kxg2 Bxf3+ 30. Kg3 Bxh5 31. Bf5+ Ke8 32. Be6 Bf7 33. Bc8
Rg8+ 34. Kf2 Nd8 35. Rg1 c5 36. Rxg8+ Bxg8 37. Rh1 Be6 38. Bxe6 Nxe6 39. Rxh6
Kd7 40. a4 Nb6 41. a5 Nc4 42. Rh7+ Kc6 43. a6 bxa6 44. Rxa7 a5 45. Ra6+ Kd7 46.
Ke2 Nd4+ 47. Kd1 Ne6 1/2-1/2

[Event "3MCR_4D_1L_3S"]
[Site "?"]
[Date "1999.??.??"]
[Round "3"]
[White "Novak, Jindrich"]
[Black "Hala, Martin"]
[Result "0-1"]
[WhiteElo "2160"]
[BlackElo "2435"]
[PlyCount "96"]
[EventDate "1999.??.??"]
[EventType "corr"]

1. e4 e5 2. f4 d5 3. exd5 c6 4. Nc3 exf4 5. Nf3 Bd6 6. Bc4 Ne7 7. dxc6 Nbxc6 8.
Ne4 Bc7 9. c3 O-O 10. d4 Bg4 11. O-O Ng6 12. Nf2 Bf5 13. Bd3 Be6 14. Bd2 Bd5
15. Nh3 Qf6 16. Kh1 Rad8 17. Qc2 Rfe8 18. Rae1 Rc8 19. Be4 Bxe4 20. Rxe4 Rxe4
21. Qxe4 h6 22. Nfg1 Qe6 23. Qxe6 fxe6 24. Ne2 Rf8 25. c4 Nge7 26. b4 Nf5 27.
Nexf4 Ncxd4 28. Re1 Rd8 29. Bc3 Nc2 30. Rc1 Nfd4 31. g3 Kf7 32. Rd1 e5 33. Nd5
Bb8 34. Rd2 b5 35. Bxd4 Nxd4 36. Ne3 bxc4 37. Nxc4 Rc8 38. Nb2 Bd6 39. Nd3 Ke6
40. Nhf2 Rc2 41. Rxc2 Nxc2 42. Kg2 Bxb4 43. Kf3 Kd5 44. Ne4 Ba5 45. Nc1 Ne1+
46. Ke3 Bb6+ 47. Ke2 Kxe4 48. Kxe1 Ke3 0-1

[Event "3MCR_4D_1L_3S"]
[Site "?"]
[Date "1999.??.??"]
[Round "3"]
[White "Svihel, Karel"]
[Black "Riha, Jan"]
[Result "0-1"]
[WhiteElo "2300"]
[BlackElo "2305"]
[PlyCount "104"]
[EventDate "1999.??.??"]
[EventType "corr"]

1. e4 e5 2. Nf3 Nf6 3. Nc3 Bb4 4. Nxe5 O-O 5. Be2 Re8 6. Nd3 Bxc3 7. dxc3 Nxe4
8. Nf4 d6 9. O-O Nd7 10. c4 Ndf6 11. f3 Nc5 12. b3 Qe7 13. Rf2 Qe5 14. Rb1 Bd7
15. Bf1 Ne6 16. Nd3 Qh5 17. Bb2 a5 18. Qd2 Bc6 19. Re1 Qg6 20. Nf4 Nxf4 21.
Rxe8+ Rxe8 22. Qxf4 Nd7 23. Bd3 Qh5 24. Re2 Rxe2 25. Bxe2 Nc5 26. Qd2 b6 27.
Qe3 Ne6 28. Bd3 Qc5 29. Kf2 f6 30. Qxc5 Nxc5 31. Bf5 Bd7 32. Bxd7 Nxd7 33. Bd4
Kf7 34. f4 f5 35. Ke2 g6 36. Kd3 Ke6 37. Ke2 Nb8 38. a3 Nc6 39. Bc3 Nd8 40. Kd3
Nb7 41. Bd4 Nd8 42. Bc3 Kd7 43. Bd4 Ne6 44. g3 Kc6 45. c3 a4 46. b4 Kd7 47. h3
c5 48. Bf2 Kc6 49. b5+ Kd7 50. Be1 h5 51. Ke3 Nd8 52. Kd3 Nb7 0-1

[Event "3MCR_4D_1L_3S"]
[Site "?"]
[Date "1999.??.??"]
[Round "3"]
[White "Priesol, Daniel"]
[Black "Adamcik, Martin"]
[Result "0-1"]
[WhiteElo "2230"]
[BlackElo "2215"]
[PlyCount "86"]
[EventDate "1999.??.??"]
[EventType "corr"]

1. e4 c5 2. c3 Nf6 3. e5 Nd5 4. d4 cxd4 5. Nf3 Nc6 6. cxd4 d6 7. Bc4 Nb6 8. Bb5
dxe5 9. Nxe5 Bd7 10. Nxd7 Qxd7 11. Nc3 e6 12. O-O a6 13. Bxc6 Qxc6 14. Qg4 h5
15. Qe2 Be7 16. Rd1 Nd5 17. Ne4 Rc8 18. Bd2 Qb6 19. Nc3 Rd8 20. Be3 O-O 21.
Rac1 g6 22. Na4 Qa5 23. Qc2 Nxe3 24. fxe3 Bg5 25. Re1 e5 26. dxe5 Qxe5 27. Rcd1
Rxd1 28. Qxd1 b5 29. Nc3 b4 30. Na4 Bxe3+ 31. Kh1 Qg5 32. Qd3 Rd8 33. Qxa6 Qh4
34. Qf1 Bf4 35. h3 Qg3 36. Qg1 Rd2 37. Rf1 Re2 38. Rf3 Qh4 39. Qf1 Re1 40. Rxf4
Rxf1+ 41. Rxf1 Qc4 42. Ra1 Qc2 43. b3 f5 0-1

[Event "3MCR_4D_1L_3S"]
[Site "?"]
[Date "1999.??.??"]
[Round "3"]
[White "Adamcik, Martin"]
[Black "Vicenec, Roman"]
[Result "1-0"]
[WhiteElo "2215"]
[BlackElo "2000"]
[PlyCount "71"]
[EventDate "1999.??.??"]
[EventType "corr"]

1. d4 Nf6 2. c4 g6 3. Nc3 Bg7 4. e4 d6 5. f3 O-O 6. Be3 e5 7. d5 c6 8. Qd2 cxd5
9. cxd5 Na6 10. Bb5 Bd7 11. Bxd7 Qxd7 12. Nge2 b5 13. b3 Rfc8 14. O-O Rc7 15.
Rfc1 Rac8 16. a4 bxa4 17. Nxa4 Rxc1+ 18. Rxc1 Rxc1+ 19. Nxc1 Nc7 20. Nc3 a6 21.
Nd3 Nb5 22. Nxb5 Qxb5 23. Qc3 Ne8 24. Qc6 f5 25. Qxb5 axb5 26. Kf1 Nf6 27. Nf2
Kf7 28. Ke2 Ke7 29. Kd3 f4 30. Ba7 Kd7 31. Nd1 Ne8 32. Nc3 Nc7 33. Bb6 b4 34.
Na2 Na6 35. Kc4 Kc8 36. Ba5 1-0

[Event "3MCR_4D_1L_3S"]
[Site "?"]
[Date "1999.??.??"]
[Round "3"]
[White "Hybl, Vladislav"]
[Black "Priesol, Daniel"]
[Result "0-1"]
[WhiteElo "2200"]
[BlackElo "2230"]
[PlyCount "94"]
[EventDate "1999.??.??"]
[EventType "corr"]

1. d4 Nf6 2. c4 g6 3. Nc3 d5 4. cxd5 Nxd5 5. e4 Nxc3 6. bxc3 Bg7 7. Bc4 c5 8.
Ne2 Nc6 9. Be3 O-O 10. O-O Qc7 11. Rc1 Rd8 12. Qa4 Bd7 13. Qa3 Bf8 14. Qb2 b5
15. Bd3 Rab8 16. Bf4 e5 17. Bg5 Re8 18. d5 Na5 19. Qd2 c4 20. Bb1 Nb7 21. Qe3
a5 22. Bf6 b4 23. Bc2 Qd6 24. Bg5 Nc5 25. cxb4 axb4 26. f4 Bg7 27. Qf2 f5 28.
exf5 gxf5 29. fxe5 Bxe5 30. Nd4 Ne4 31. Bxe4 Bxd4 32. Qxd4 Rxe4 33. Bf4 Qb6 34.
Qxb6 Rxb6 35. Rf2 c3 36. g3 Ra6 37. Kg2 Bb5 38. d6 Kf7 39. h3 Ke6 40. g4 fxg4
41. hxg4 Rxa2 42. Rxa2 Rxf4 43. Kg3 Rf1 44. Rxc3 bxc3 45. Rc2 Rd1 46. Rxc3 Rd3+
47. Rxd3 Bxd3 0-1